000 00289nam a2200121Ia 4500
008 241002s9999 xx 000 0 und d
082 _a952.046 HAL
100 _aHalloran, Richard
245 0 _aJapan Images and Realitions
260 _aNew York:
_c1970
600 _aHistory
942 _cUC
999 _c18592
_d18592